Essentiel du droit pénal général : les grands principes, la responsabilité pénale, les peines 2011-2012 / (Record no. 2545)

MARC details
000 -LEADER
fixed length control field 01719cam a2200397Li 4500
001 - CONTROL NUMBER
control field ocn762874186
003 - CONTROL NUMBER IDENTIFIER
control field TZ-ArACH
005 - DATE AND TIME OF LATEST TRANSACTION
control field 20130710113949.0
008 - FIXED-LENGTH DATA ELEMENTS--GENERAL INFORMATION
fixed length control field 110906s2011 fr f p 000 0 fre d
015 ## - NATIONAL BIBLIOGRAPHY NUMBER
National bibliography number 01148954
Source bnf
016 7# - NATIONAL BIBLIOGRAPHIC AGENCY CONTROL NUMBER
Record control number FRBNF425000380000009
Source FrPBN
020 ## - INTERNATIONAL STANDARD BOOK NUMBER
International Standard Book Number 9782297018821 (br)
020 ## - INTERNATIONAL STANDARD BOOK NUMBER
International Standard Book Number 2297018827 (br)
035 ## - SYSTEM CONTROL NUMBER
System control number (OCoLC)762874186
040 ## - CATALOGING SOURCE
Original cataloging agency BDF
Description conventions ncafnor
Language of cataloging fre
Transcribing agency TZ-ArACH
041 ## - LANGUAGE CODE
Language code of text/sound track or separate title Fre
049 ## - LOCAL HOLDINGS (OCLC)
Holding library TZAA
050 ## - LIBRARY OF CONGRESS CALL NUMBER
Classification number KJV7979
Item number .K65
082 14 - DEWEY DECIMAL CLASSIFICATION NUMBER
Classification number 345.44
Edition number 22
100 1# - MAIN ENTRY--PERSONAL NAME
Personal name Kolb, Patrick.
Relator code aut
9 (RLIN) 12538
245 12 - TITLE STATEMENT
Title Essentiel du droit pénal général : les grands principes, la responsabilité pénale, les peines 2011-2012 /
Remainder of title les grands principes, la responsabilité pénale, les peines /
Statement of responsibility, etc Patrick Kolb, Laurence Leturmy.
250 ## - EDITION STATEMENT
Edition statement 8e éd., 2011-2012.
260 ## - PUBLICATION, DISTRIBUTION, ETC. (IMPRINT)
Place of publication, distribution, etc Paris :
Name of publisher, distributor, etc Gualino-Lextenso éd.,
Date of publication, distribution, etc 2011
Place of manufacture (46-Mercuès :
Manufacturer Impr. France Quercy)
300 ## - PHYSICAL DESCRIPTION
Extent 1 vol. (109 p.) ;
Dimensions 17 cm.
490 0# - SERIES STATEMENT
Series statement Les carrés : droit, science politique,
International Standard Serial Number 1288-8206
500 ## - GENERAL NOTE
General note Bibliogr., 1 p.
650 #7 - SUBJECT ADDED ENTRY--TOPICAL TERM
Topical term or geographic name as entry element Droit pénal
Geographic subdivision France.
9 (RLIN) 12539
700 1# - ADDED ENTRY--PERSONAL NAME
Personal name Leturmy, Laurence.
Relator code aut
9 (RLIN) 12537
760 0# - MAIN SERIES ENTRY
Title Les Carrés (Paris. 1996).,
Place, publisher, and date of publication 2011
International Standard Serial Number 1288-8206
Record control number (FrPBN)34293031
856 42 - ELECTRONIC LOCATION AND ACCESS
Materials specified Notice et cote du catalogue de la Bibliothèque nationale de France
Uniform Resource Identifier <a href="http://catalogue.bnf.fr/ark:/12148/cb425000389">http://catalogue.bnf.fr/ark:/12148/cb425000389</a>
886 1# - FOREIGN MARC INFORMATION FIELD
2 intermrc
a 009
b a--dh-us-----------
886 2# - FOREIGN MARC INFORMATION FIELD
2 intermrc
a 680
b 0-
a 340
b 340
942 ## - ADDED ENTRY ELEMENTS (KOHA)
Source of classification or shelving scheme Library of Congress Classification
Koha item type Books
Holdings
Home library Current library Shelving location Date acquired Full call number Barcode Koha item type
African Court on Human and Peoples' Rights Library African Court on Human and Peoples' Rights Library   10/07/2013 KJV7979 .K65 10030018 Books
African Court on Human and Peoples' Rights Library African Court on Human and Peoples' Rights Library   20/04/2015 KJV7979 .K65 10235027 Books

African Court on Human and Peoples' Rights | For Inquiries Contact » +255 272 510 510